| 000 | 00652nam a22001937a 4500 | ||
|---|---|---|---|
| 999 |
_c165456 _d165456 |
||
| 005 | 20190618153643.0 | ||
| 010 | _aUR-10217 | ||
| 020 |
_c200.00 _a9789388105910 |
||
| 035 | _aU-8772 | ||
| 037 | _bDBAD/PUB | ||
| 082 | _a841 | ||
| 100 | _aعلی ا حمد منظر | ||
| 245 |
_aلمحو ں کی شا خ سے _cعلی ا حمد منظر |
||
| 246 |
_bLamhon ki Shakh Se (Urdu) _aby Ali Ahmed Manzar |
||
| 260 |
_a Delhi _bEducational Publishing House _c2018 ء |
||
| 270 |
_a3191،Vakil Street,Kucha Pandit,Lal Kuan, _bDelhi _e110006 _k23216162 _l00911123211540 |
||
| 300 |
_a112ص _c22 Cm(Hb) |
||
| 942 |
_2ddc _cUR _h841 _mم ن ظ |
||